[Event "Titled Tuesday intern op 19th Sep Early"]
[Site "Chess.com INT"]
[Date "2023.09.19"]
[Round "1"]
[White "Boros, Denes"]
[Black "Shturman, Arseniy"]
[Result "1-0"]
[WhiteElo "2399"]
[BlackElo "2161"]
[PlyCount "85"]
[EventDate "2023.09.19"]
[EventType "swiss (blitz)"]
[EventRounds "11"]
[EventCountry "USA"]
[SourceTitle "EXT 2024"]
[Source "ChessBase"]
[SourceDate "2023.10.10"]
[SourceVersion "1"]
[SourceVersionDate "2023.10.10"]
[SourceQuality "1"]

1. d4 Nf6 2. Nc3 d5 3. Nf3 g6 4. g3 Bg7 5. Bg2 0-0 6. 0-0 c6 7. Bf4 Bf5 8. a4 Nbd7 9. h3 Ne4 10. Na2 h5 11. Nc1 Re8 12. Nd3 f6 13. Nh4 e5 14. Be3 Kf7 15. Nxf5 gxf5 16. Qc1 h4 17. Kh2 Rh8 18. c4 Rc8 19. Ra3 Nb6 20. b3 Qe7 21. Ra2 Rh7 22. a5 dxc4 23. axb6 cxd3 24. exd3 hxg3+ 25. fxg3 exd4 26. dxe4 dxe3 27. bxa7 Ra8 28. Rxf5 Rhh8 29. Qxe3 b5 30. e5 Rhc8 31. Qf4 Rf8 32. Bxc6 Rxa7 33. Rf2 Qc7 34. Bd5+ Ke8 35. Qf3 Ra1 36. exf6 Qc1 37. Qe4+ Kd8 38. Qe7+ Kc8 39. Qb7+ Kd8 40. Qb6+ Kd7 41. Be6+ Ke8 42. Qb8+ Qc8 43. Qxc8# 1-0

[Event "Titled Tuesday intern op 19th Sep Early"]
[Site "Chess.com INT"]
[Date "2023.09.19"]
[Round "10"]
[White "Fiorito, Joaquin"]
[Black "Shturman, Arseniy"]
[Result "1/2-1/2"]
[WhiteElo "2399"]
[BlackElo "2161"]
[PlyCount "145"]
[EventDate "2023.09.19"]
[EventType "swiss (blitz)"]
[EventRounds "11"]
[EventCountry "USA"]
[SourceTitle "EXT 2024"]
[Source "ChessBase"]
[SourceDate "2023.10.10"]
[SourceVersion "1"]
[SourceVersionDate "2023.10.10"]
[SourceQuality "1"]

1. d4 Nf6 2. Nc3 e6 3. Bf4 Bb4 4. Qd3 d5 5. a3 Bxc3+ 6. Qxc3 Nc6 7. f3 0-0 8. e3 Nh5 9. Bg3 Nxg3 10. hxg3 Qg5 11. g4 e5 12. dxe5 Qxe5 13. Ne2 Re8 14. Qxe5 Nxe5 15. Nf4 c6 16. Kf2 Ng6 17. Nh5 Bd7 18. Bd3 Re7 19. Rae1 Rae8 20. c4 Ne5 21. Bc2 Nxc4 22. e4 dxe4 23. Bxe4 h6 24. Rc1 Nxb2 25. Rb1 Nc4 26. Rxb7 Nd6 27. Rxa7 Nxe4+ 28. fxe4 Bxg4 29. Rxe7 Rxe7 30. Ng3 Ra7 31. Ra1 Ra4 32. Ke3 g6 33. Nf1 f5 34. exf5 Bxf5 35. Nd2 Kf7 36. Nb3 Rc4 37. Nd4 c5 38. Nb5 Kf6 39. a4 Bd7 40. Rf1+ Ke5 41. Ra1 Bxb5 42. axb5 Rb4 43. Ra6 Rb3+ 44. Kf2 Kf5 45. b6 h5 46. Ke2 h4 47. Kf2 g5 48. Ra5 Rxb6 49. Rxc5+ Kg6 50. Kf3 Rf6+ 51. Kg4 Rf4+ 52. Kh3 Kh5 53. Rb5 Rc4 54. Ra5 Rc3+ 55. Kh2 Rc4 56. Kh3 Rd4 57. Rb5 Rd1 58. Kh2 Rf1 59. Ra5 Kg4 60. Ra4+ Rf4 61. Ra5 Rf5 62. Ra4+ Kh5 63. Kh3 Rd5 64. Rb4 Rd3+ 65. Kh2 Rd5 66. Kh3 Rc5 67. Ra4 g4+ 68. Rxg4 Rc3+ 69. g3 hxg3 70. Rh4+ Kg5 71. Rg4+ Kf5 72. Rxg3 Rxg3+ 73. Kxg3 1/2-1/2

[Event "Issykkul op"]
[Site "Korumdu"]
[Date "2023.07.18"]
[Round "8"]
[White "Shturman, Arseniy"]
[Black "Markov, Mikhail2222"]
[Result "1-0"]
[WhiteElo "2076"]
[BlackElo "2324"]
[PlyCount "39"]
[EventDate "2023.07.12"]
[EventType "swiss"]
[EventRounds "10"]
[EventCountry "KGZ"]
[SourceTitle "CBM 215 Extra"]
[Source "ChessBase"]
[SourceDate "2023.09.30"]
[SourceVersion "1"]
[SourceVersionDate "2023.09.30"]
[SourceQuality "1"]

1. e4 c5 2. Nf3 d6 3. d4 cxd4 4. Nxd4 Nf6 5. Nc3 a6 6. Rg1 b5 7. a4 bxa4 8. Rxa4 e5 9. Nb3 Nbd7 10. g4 Nb6 11. Ra1 Bb7 12. Na5 Bxe4 13. g5 d5 14. gxf6 Qxf6 15. Nxe4 dxe4 16. Bg5 Qe6 17. c3 Nd7 18. Bc4 Qf5 19. Qd5 Rb8 20. Rd1 1-0

[Event "Issykkul op"]
[Site "Korumdu"]
[Date "2023.07.12"]
[Round "1"]
[White "Rakhmatullaev, Almas"]
[Black "Shturman, Arseniy"]
[Result "1-0"]
[WhiteElo "2330"]
[BlackElo "2076"]
[PlyCount "59"]
[EventDate "2023.07.12"]
[EventType "swiss"]
[EventRounds "10"]
[EventCountry "KGZ"]
[SourceTitle "CBM 215 Extra"]
[Source "ChessBase"]
[SourceDate "2023.09.30"]
[SourceVersion "1"]
[SourceVersionDate "2023.09.30"]
[SourceQuality "1"]

1. e4 c5 2. Nf3 Nc6 3. c3 Nf6 4. Qe2 e5 5. d3 g6 6. Na3 Bg7 7. Nc4 0-0 8. Bg5 d5 9. Ne3 Be6 10. exd5 Bxd5 11. h4 Qd7 12. Bxf6 Bxf6 13. Nxd5 Qxd5 14. h5 Bg7 15. hxg6 hxg6 16. Qe4 Qd6 17. Ng5 Rfe8 18. Be2 Rad8 19. Rh3 Re7 20. Qh4 f5 21. Qh7+ Kf8 22. Rh6 e4 23. Rxg6 Qd5 24. Rxg7 Rxg7 25. Qh8+ Qg8 26. Ne6+ Ke7 27. Qxg7+ Kxe6 28. Qxb7 Qe8 29. dxe4 fxe4 30. Rd1 1-0

[Event "Titled Tuesday intern op 11th Jul Early"]
[Site "Chess.com INT"]
[Date "2023.07.11"]
[Round "7"]
[White "Shturman, Arseniy"]
[Black "Wagner, Dennis"]
[Result "0-1"]
[WhiteElo "2076"]
[BlackElo "2598"]
[PlyCount "60"]
[EventDate "2023.07.11"]
[EventType "swiss (blitz)"]
[EventRounds "11"]
[EventCountry "USA"]
[SourceTitle "EXT 2024"]
[Source "ChessBase"]
[SourceDate "2023.10.10"]
[SourceVersion "1"]
[SourceVersionDate "2023.10.10"]
[SourceQuality "1"]

1. e4 c5 2. Nf3 d6 3. d4 cxd4 4. Nxd4 Nf6 5. Nc3 a6 6. Rg1 g6 7. g4 Nc6 8. g5 Nd7 9. Be3 h6 10. h4 hxg5 11. hxg5 Bg7 12. Qd2 Nde5 13. Be2 Ng4 14. Bxg4 Bxg4 15. f3 Bd7 16. 0-0-0 Ne5 17. b3 Qa5 18. Kb2 Rc8 19. Rgf1 Rh2 20. Qe1 Qb4 21. Bg1 Nc4+ 22. Kb1 Na3+ 23. Kb2 Nxc2 24. Nxc2 Bxc3+ 25. Kb1 Rxc2 26. Kxc2 Bxe1+ 27. Kd3 Bb5+ 28. Ke3 Rc3+ 29. Kf4 e5+ 30. Kg4 Bd7# 0-1

[Event "Titled Tuesday intern op 30th May Early"]
[Site "Chess.com INT"]
[Date "2023.05.30"]
[Round "6"]
[White "Matveeva, Olga"]
[Black "Shturman, Arseniy"]
[Result "1/2-1/2"]
[WhiteElo "2128"]
[BlackElo "2076"]
[PlyCount "84"]
[EventDate "2023.05.30"]
[EventType "swiss (blitz)"]
[EventRounds "11"]
[EventCountry "USA"]
[SourceTitle "CBM 214 Extra"]
[Source "ChessBase"]
[SourceDate "2023.07.31"]
[SourceVersion "1"]
[SourceVersionDate "2023.07.31"]
[SourceQuality "1"]

1. d4 Nf6 2. c4 e6 3. g3 c5 4. d5 d6 5. Nc3 exd5 6. cxd5 g6 7. Bg2 Bg7 8. Nf3 0-0 9. 0-0 Re8 10. Nd2 a6 11. a4 Nbd7 12. h3 Rb8 13. Nc4 Ne5 14. Na3 Nh5 15. e4 Bd7 16. a5 b5 17. axb6 Bb5 18. Naxb5 axb5 19. Nxb5 Qxb6 20. Nc3 c4 21. Kh2 Nd3 22. Na4 Qb5 23. Nc3 Qb3 24. Qxb3 Rxb3 25. Ra6 Nxc1 26. Rxc1 Rxb2 27. Nd1 Rd2 28. Rxd6 c3 29. Rc6 Be5 30. Kg1 Bd4 31. d6 Nxg3 32. d7 Rf8 33. Rc8 Bb6 34. Nxc3 Bxf2+ 35. Kh2 Rxd7 36. Nd5 Rxc8 37. Rxc8+ Kg7 38. Rc2 Be1 39. Rc1 Bd2 40. Rc2 Be1 41. Rc1 Bd2 42. Rc2 Be1 1/2-1/2

[Event "Titled Tuesday intern op 30th May Early"]
[Site "Chess.com INT"]
[Date "2023.05.30"]
[Round "1"]
[White "Nihal, Sarin"]
[Black "Shturman, Arseniy"]
[Result "1-0"]
[WhiteElo "2673"]
[BlackElo "2076"]
[PlyCount "119"]
[EventDate "2023.05.30"]
[EventType "swiss (blitz)"]
[EventRounds "11"]
[EventCountry "USA"]
[SourceTitle "CBM 214 Extra"]
[Source "ChessBase"]
[SourceDate "2023.07.31"]
[SourceVersion "1"]
[SourceVersionDate "2023.07.31"]
[SourceQuality "1"]

1. d4 Nf6 2. Nf3 e6 3. g3 c5 4. Bg2 cxd4 5. Nxd4 Nc6 6. c4 Be7 7. Nc3 0-0 8. 0-0 d5 9. cxd5 Nxd5 10. Nxd5 exd5 11. Be3 Bf6 12. Rc1 Bxd4 13. Bxd4 Be6 14. Bc5 Re8 15. Qb3 Qd7 16. Rfd1 Rad8 17. Qa3 b6 18. Bd4 Nxd4 19. Rxd4 Rc8 20. Rcd1 Rc5 21. e4 Rec8 22. exd5 Bh3 23. Bxh3 Qxh3 24. Qxa7 Rc2 25. Qa6 Rxb2 26. d6 g6 27. d7 Rd8 28. Qc4 Qf5 29. Rf4 Qe6 30. Qxe6 fxe6 31. a4 Kg7 32. Rd6 e5 33. Re4 Ra2 34. Rxe5 Rxa4 35. Re7+ Kf8 36. Rxh7 Raa8 37. Rxb6 Ra7 38. Rxg6 Rdxd7 39. Rxd7 Rxd7 40. Rg4 Kf7 41. Rf4+ Kg7 42. Kg2 Rd1 43. h4 Rd2 44. g4 Ra2 45. Kg3 Ra3+ 46. f3 Ra2 47. h5 Ra1 48. Rf5 Rg1+ 49. Kh4 Ra1 50. Kg5 Ra6 51. f4 Kg8 52. h6 Ra7 53. Kh5 Rc7 54. g5 Rc4 55. g6 Rc8 56. h7+ Kg7 57. Rf7+ Kh8 58. Kh6 Rg8 59. Rf8 Rxf8 60. g7# 1-0

[Event "Titled Tuesday intern op 30th May Early"]
[Site "Chess.com INT"]
[Date "2023.05.30"]
[Round "10"]
[White "Shturman, Arseniy"]
[Black "Sahib, Singh"]
[Result "0-1"]
[WhiteElo "2076"]
[BlackElo "2223"]
[PlyCount "52"]
[EventDate "2023.05.30"]
[EventType "swiss (blitz)"]
[EventRounds "11"]
[EventCountry "USA"]
[SourceTitle "CBM 214 Extra"]
[Source "ChessBase"]
[SourceDate "2023.07.31"]
[SourceVersion "1"]
[SourceVersionDate "2023.07.31"]
[SourceQuality "1"]

1. e4 e6 2. d4 d5 3. Nc3 Bb4 4. e5 c5 5. a3 Bxc3+ 6. bxc3 Ne7 7. Qg4 cxd4 8. Qxg7 Rg8 9. Qxh7 Qc7 10. Bb5+ Bd7 11. Bxd7+ Nxd7 12. Ne2 dxc3 13. Bf4 Nxe5 14. a4 0-0-0 15. Ra3 d4 16. Bxe5 Qxe5 17. Qxf7 Nc6 18. Qf4 Qc5 19. Rb3 Rxg2 20. Qe4 Rdg8 21. Qxe6+ Kb8 22. Qd7 b6 23. Rb5 Qf8 24. Rf1 Qf6 25. Rf5 Qh6 26. Rf7 Qd2# 0-1

[Event "Titled Tuesday intern op 16th May Early"]
[Site "Chess.com INT"]
[Date "2023.05.16"]
[Round "11"]
[White "Sakun, Volodymyr"]
[Black "Shturman, Arseniy"]
[Result "0-1"]
[WhiteElo "2345"]
[BlackElo "2076"]
[PlyCount "62"]
[EventDate "2023.05.16"]
[EventType "swiss (blitz)"]
[EventRounds "11"]
[EventCountry "USA"]
[SourceTitle "CBM 214 Extra"]
[Source "ChessBase"]
[SourceDate "2023.07.31"]
[SourceVersion "1"]
[SourceVersionDate "2023.07.31"]
[SourceQuality "1"]

1. d4 Nf6 2. Nf3 g6 3. Nbd2 d5 4. e3 Bg7 5. Bd3 0-0 6. 0-0 Bf5 7. b3 Bxd3 8. cxd3 Re8 9. Bb2 c6 10. Ne5 Nfd7 11. f4 f6 12. Nef3 f5 13. h3 c5 14. Ne5 cxd4 15. exd4 Nc6 16. Ndf3 Ndxe5 17. dxe5 e6 18. d4 Rc8 19. Qd2 h6 20. g4 Kh7 21. Kh2 Qa5 22. Bc3 Qb6 23. gxf5 gxf5 24. Rg1 Rg8 25. Qe2 Nxe5 26. dxe5 Rxc3 27. Ng5+ hxg5 28. Qh5+ Bh6 29. fxg5 Qf2+ 30. Kh1 Qf3+ 31. Qxf3 Rxf3 0-1

[Event "Titled Tuesday intern op 16th May Early"]
[Site "Chess.com INT"]
[Date "2023.05.16"]
[Round "5"]
[White "Shturman, Arseniy"]
[Black "Bjerre, Jonas Buhl"]
[Result "1-0"]
[WhiteElo "2076"]
[BlackElo "2602"]
[PlyCount "51"]
[EventDate "2023.05.16"]
[EventType "swiss (blitz)"]
[EventRounds "11"]
[EventCountry "USA"]
[SourceTitle "CBM 214 Extra"]
[Source "ChessBase"]
[SourceDate "2023.07.31"]
[SourceVersion "1"]
[SourceVersionDate "2023.07.31"]
[SourceQuality "1"]

1. e4 c5 2. Nf3 d6 3. d4 c4 4. Bxc4 e6 5. 0-0 Nf6 6. Nc3 d5 7. exd5 exd5 8. Bb5+ Nc6 9. Ne5 Bd7 10. Re1 Be7 11. Qf3 0-0 12. Nxd5 Nxd4 13. Qd3 Bxb5 14. Nxe7+ Kh8 15. c4 Be8 16. Bg5 Ne6 17. Qxd8 Rxd8 18. Bxf6 gxf6 19. Nf3 Nf4 20. Rad1 Bd7 21. Nd5 Nxd5 22. cxd5 Bg4 23. Re3 Rc8 24. h3 Bf5 25. Re7 Bd7 26. Rxd7 1-0

[Event "Titled Tuesday intern op 09th May Early"]
[Site "Chess.com INT"]
[Date "2023.05.09"]
[Round "2"]
[White "Goldin, Roman"]
[Black "Shturman, Arseniy"]
[Result "0-1"]
[WhiteElo "2322"]
[BlackElo "2076"]
[PlyCount "92"]
[EventDate "2023.05.09"]
[EventType "swiss (blitz)"]
[EventRounds "11"]
[EventCountry "USA"]
[SourceTitle "CBM 214 Extra"]
[Source "ChessBase"]
[SourceDate "2023.07.31"]
[SourceVersion "1"]
[SourceVersionDate "2023.07.31"]
[SourceQuality "1"]

1. e4 c5 2. Nf3 d6 3. Bc4 Nf6 4. e5 dxe5 5. Nxe5 e6 6. Qe2 Bd6 7. f4 0-0 8. d3 a6 9. a4 Nbd7 10. Nd2 Rb8 11. a5 Qc7 12. Ndf3 Nd5 13. 0-0 Nxe5 14. fxe5 Be7 15. Bd2 Bd7 16. Rae1 Bc6 17. h4 Rbe8 18. h5 f6 19. h6 g6 20. exf6 Bxf6 21. Ne5 Bxe5 22. Rxf8+ Rxf8 23. Qxe5 Qxe5 24. Rxe5 Kf7 25. Bg5 Re8 26. Re2 Kg8 27. Kf2 Bd7 28. Kg3 Kf7 29. Rf2+ Kg8 30. Re2 Rf8 31. Be3 Rf5 32. Bxc5 Nf4 33. d4 Nxe2+ 34. Bxe2 Kf7 35. Bf3 Bc6 36. Be2 Rg5+ 37. Kf4 Rxg2 38. Bd3 Rh2 39. Ke5 Rxh6 40. Kd6 g5 41. Kc7 g4 42. Bd6 Bf3 43. c4 Rh3 44. b4 g3 45. b5 axb5 46. cxb5 g2 0-1

[Event "Titled Tuesday intern op 09th May Early"]
[Site "Chess.com INT"]
[Date "2023.05.09"]
[Round "6"]
[White "Parkhov, Yair"]
[Black "Shturman, Arseniy"]
[Result "1/2-1/2"]
[WhiteElo "2505"]
[BlackElo "2076"]
[PlyCount "144"]
[EventDate "2023.05.09"]
[EventType "swiss (blitz)"]
[EventRounds "11"]
[EventCountry "USA"]
[SourceTitle "CBM 214 Extra"]
[Source "ChessBase"]
[SourceDate "2023.07.31"]
[SourceVersion "1"]
[SourceVersionDate "2023.07.31"]
[SourceQuality "1"]

1. d4 Nf6 2. Nc3 d5 3. Bf4 Bf5 4. e3 e6 5. f3 h6 6. g4 Bh7 7. h4 Bd6 8. Nge2 c5 9. Bxd6 Qxd6 10. dxc5 Qxc5 11. Qd4 Qxd4 12. Nxd4 Nc6 13. Bd3 Bxd3 14. cxd3 Nxd4 15. exd4 a6 16. Kd2 b5 17. Ne2 Kd7 18. Nc1 Kd6 19. Nb3 Nd7 20. Na5 Rhc8 21. g5 h5 22. f4 g6 23. Rhc1 Rab8 24. Nb7+ Ke7 25. Nc5 Rc6 26. b4 Kd6 27. Rab1 Rcc8 28. Rb3 Ra8 29. Rbc3 Nxc5 30. dxc5+ Kc6 31. Ra3 a5 32. bxa5 b4 33. Rb3 Rxa5 34. Rxb4 Rxc5 35. Rxc5+ Kxc5 36. Rb7 Kd4 37. a4 Ra8 38. Rb4+ Kc5 39. Kc3 Kc6 40. Kd4 Kd6 41. Rb6+ Kc7 42. Rb4 Kd6 43. Kc3 Ra6 44. Kb3 e5 45. fxe5+ Kxe5 46. Rb7 f6 47. Kb4 fxg5 48. hxg5 Kf5 49. Kb5 Ra8 50. a5 Kxg5 51. a6 h4 52. Rh7 Kg4 53. a7 g5 54. Kb6 Kg3 55. Kb7 Rg8 56. Kc6 d4 57. Rg7 Ra8 58. Rxg5+ Kf4 59. Rg7 Ke3 60. Kb7 Re8 61. Kc6 Ra8 62. Kb7 Rd8 63. Rh7 Kxd3 64. Rxh4 Rd7+ 65. Kb8 Rxa7 66. Kxa7 Kc3 67. Kb6 d3 68. Kc5 d2 69. Rh3+ Kc2 70. Rh2 Kc1 71. Rh1+ d1Q 72. Rxd1+ Kxd1 1/2-1/2

[Event "Titled Tuesday intern op 7th Mar Early"]
[Site "Chess.com INT"]
[Date "2023.03.07"]
[Round "1"]
[White "Matlakov, Maxim"]
[Black "Shturman, Arseniy"]
[Result "1-0"]
[WhiteElo "2662"]
[BlackElo "2201"]
[PlyCount "51"]
[EventDate "2023.03.07"]
[EventType "swiss (blitz)"]
[EventRounds "11"]
[EventCountry "USA"]
[SourceTitle "EXT 2024"]
[Source "ChessBase"]
[SourceDate "2023.10.10"]
[SourceVersion "1"]
[SourceVersionDate "2023.10.10"]
[SourceQuality "1"]

1. e4 c5 2. Nf3 d6 3. Bb5+ Nd7 4. 0-0 a6 5. Bxd7+ Bxd7 6. c3 g6 7. d4 cxd4 8. cxd4 Bg7 9. h3 Nf6 10. Nc3 0-0 11. Re1 Bc6 12. Bg5 h6 13. Bh4 b5 14. a3 Rc8 15. Rc1 Qb6 16. Qe2 Rfe8 17. Rcd1 Nh5 18. Qe3 g5 19. Nxg5 hxg5 20. Qxg5 Nf6 21. Rd3 Nh7 22. Qg4 Kh8 23. Bxe7 Rg8 24. Qf4 Bd7 25. Bxd6 Bxd4 26. Rxd4 1-0